Band Members by Instrument - Soul / Funk Edition - Statistics

General Stats
  • This quiz has been taken 63 times
    59 since last reset
  • The average score is 12 of 67
Answer Stats
Band or Group Instrument or Role Answer % Correct
James Brown and the Famous Flames (on "Live at the Apollo" (1963)) Lead Vocals James Brown
97%
War (1969-1979) Drums Harold Ray Brown
79%
The Supremes (1962-1967) Lead Vocals Diana Ross
76%
Sly and the Family Stone (1968-1971) Vocals, Organ Sly Stone
68%
Commodores (1972-1982) Vocals, Keyboards, Saxophone Lionel Richie
66%
Sly and the Family Stone (1968-1971) Vocals, Piano Rose Stone
61%
Sly and the Family Stone (1968-1971) Guitar, Vocals Freddie Stone
58%
Sly and the Family Stone (1968-1971) Backing Vocals (Little Sister) Vet Stone
58%
Booker T & the M.G.'s (1965-1971) Keyboards Booker T. Jones
42%
Earth, Wind & Fire (1973-1981) Vocals Maurice White
39%
Earth, Wind & Fire (1973-1981) Vocals Philip Bailey
39%
The Righteous Brothers (1962-1968) Baritone Vocals Bill Medley
34%
Earth, Wind & Fire (1973-1981) Drums Fred White
34%
Earth, Wind & Fire (1973-1981) Bass Verdine White
34%
The Supremes (1962-1967) Backing Vocals Mary Wilson
29%
The Temptations (1964-1971) Lead Vocals (Tenor) David Ruffin / Dennis Edwards
26%
Booker T & the M.G.'s (1965-1971) Drums Al Jackson Jr.
24%
War (1969-1979) Vocals (until 1971) Eric Burdon
24%
Commodores (1972-1982) Keyboards Milan Williams
24%
The Temptations (1964-1971) Baritone Vocals (and Group Leader) Otis Williams
24%
The Temptations (1964-1971) Baritone Vocals Paul Williams
24%
Sly and the Family Stone (1968-1971) Bass, Vocals Larry Graham
21%
Booker T & the M.G.'s (1965-1971) Guitar Steve Cropper
21%
Earth, Wind & Fire (1973-1981) Guitar Johnny Graham
18%
Earth, Wind & Fire (1973-1981) Drums Ralph Johnson
18%
Sly and the Family Stone (1968-1971) Trumpet, Vocals Cynthia Robinson
16%
The Temptations (1964-1971) Tenor Vocals Eddie Kendricks
16%
Booker T & the M.G.'s (1965-1971) Bass Donald "Duck" Dunn
13%
Earth, Wind & Fire (1973-1981) Keyboards Larry Dunn
13%
The Four Tops (1953-1997) Lead Vocals (Baritone) Levi Stubbs
13%
James Brown and the Famous Flames (on "Live at the Apollo" (1963)) Backing Vocals (The Famous Flames) Bobby Byrd
11%
The Supremes (1962-1967) Backing Vocals Florence Ballard
11%
The Righteous Brothers (1962-1968) Tenor Vocals Bobby Hatfield
8%
War (1969-1979) Harmonica Lee Oskar
8%
The Temptations (1964-1971) Bass Vocals Melvin Franklin
8%
The Four Tops (1953-1997) Tenor Vocals Abdul "Duke" Fakir
5%
Sly and the Family Stone (1968-1971) Drums Greg Errico
5%
Sly and the Family Stone (1968-1971) Saxophone Jerry Martini
5%
James Brown and the Famous Flames (on "Live at the Apollo" (1963)) Trumpet Teddy Washington
5%
War (1969-1979) Percussion Thomas "Papa Dee" Allen
5%
Commodores (1972-1982) Drums Walter Orange
5%
Earth, Wind & Fire (1973-1981) Guitar Al McKay
3%
Earth, Wind & Fire (1973-1981) Saxophone, Flute Andrew Woolfolk
3%
War (1969-1979) Saxophone Charles Miller
3%
James Brown and the Famous Flames (on "Live at the Apollo" (1963)) Trombone Dickie Wells
3%
War (1969-1979) Guitar Howard E. Scott
3%
James Brown and the Famous Flames (on "Live at the Apollo" (1963)) Tenor Saxophone, Baritone Saxophone Al "Brisco" Clark
0%
War (1969-1979) Bass B.B. Dickerson
0%
James Brown and the Famous Flames (on "Live at the Apollo" (1963)) Bobby Bennett
0%
James Brown and the Famous Flames (on "Live at the Apollo" (1963)) Drums Clayton Fillyau
0%
James Brown and the Famous Flames (on "Live at the Apollo" (1963)) Tenor Saxophone Clifford MacMillan
0%
Sly and the Family Stone (1968-1971) Backing Vocals (Little Sister) Elva Mouton
0%
James Brown and the Famous Flames (on "Live at the Apollo" (1963)) Bass Hubert Perry
0%
The Four Tops (1953-1997) Tenor Vocals Lawrence Payton
0%
War (1969-1979) Vocals, Keyboards Leroy "Lonnie" Jordan
0%
James Brown and the Famous Flames (on "Live at the Apollo" (1963)) Guitar Les Buie
0%
James Brown and the Famous Flames (on "Live at the Apollo" (1963)) Music Director, Trumpet Lewis Hamlin
0%
James Brown and the Famous Flames (on "Live at the Apollo" (1963)) Lloyd Stallworth
0%
James Brown and the Famous Flames (on "Live at the Apollo" (1963)) Organ Lucas "Fats" Gonder
0%
Sly and the Family Stone (1968-1971) Backing Vocals (Little Sister) Mary McCreary
0%
The Four Tops (1953-1997) Bass Vocals Renaldo "Obie" Benson
0%
Commodores (1972-1982) Bass Ronald LaPread
0%
James Brown and the Famous Flames (on "Live at the Apollo" (1963)) Trumpet Roscoe Patrick
0%
James Brown and the Famous Flames (on "Live at the Apollo" (1963)) Tenor Saxophone St. Clair Pinckney
0%
Commodores (1972-1982) Guitar Thomas McClary
0%
James Brown and the Famous Flames (on "Live at the Apollo" (1963)) Alto Saxophone William Burgess
0%
Commodores (1972-1982) Trumpet William "Wak" King
0%
No matching quizzes found
Score Distribution
Percent of People with Each Score
Percentile by Number Answered
Your Score History
You have not taken this quiz since the last reset